000 00765nam a2200253Ia 4500
003 OSt
005 20220925205748.0
006 a|||||r|||| 00| 0
007 ta
008 220923b |||||||| |||| 00| 0 eng d
020 _a0824814894
037 _cGeneral Book
040 _aRTL
_cRTL
_beng
041 _2eng
_aeng
082 _aV4365.M, N3
100 _aAndaya Barbara Watson
_927913
245 0 _aTo live as brothers
_b Southeast Sumatra in the seve
260 _aHonolulu
_bUniversity of Hawaii Press
_c1993
300 _axvii, 324p
_ccm.
500 _aBibliography: P 297-313; Glossary: P 293-95
650 _aIndonesia History
_9198395
942 _hV4365.M, N3
_cGB
_2CC
999 _c553129
_d553129